000
00180 a2200097 4500
001
14334
100
_a
245
_a
260
_a
London
_b
Thomas Nelson
_c
090
_c
11236
_d
11236
942
_a
NUST-CAE
_c
_c
1377
999
_c
249407
_d
249407